General managers in action / (Record no. 74)
[ view plain ]
| 000 -LEADER | |
|---|---|
| fixed length control field | 01899nam a22004931a 4500 |
| 001 - CONTROL NUMBER | |
| control field | vtls000044780 |
| 003 - CONTROL NUMBER IDENTIFIER | |
| control field | IIMBL |
| 005 - DATE AND TIME OF LATEST TRANSACTION | |
| control field | 20180822135136.0 |
| 008 - FIXED-LENGTH DATA ELEMENTS--GENERAL INFORMATION | |
| fixed length control field | 100616s1988 |r| ||110|eng|||| |
| 020 ## - INTERNATIONAL STANDARD BOOK NUMBER | |
| International Standard Book Number | 019504083X |
| 035 ## - SYSTEM CONTROL NUMBER | |
| System control number | iimb130400 |
| 039 #9 - LEVEL OF BIBLIOGRAPHIC CONTROL AND CODING DETAIL [OBSOLETE] | |
| Level of rules in bibliographic description | 201106172213 |
| Level of effort used to assign nonsubject heading access points | VLOAD |
| Level of effort used to assign subject headings | 201007301512 |
| Level of effort used to assign classification | VLOAD |
| -- | 201006160652 |
| -- | VLOAD |
| 040 ## - CATALOGING SOURCE | |
| Original cataloging agency | IIMB |
| 082 1# - DEWEY DECIMAL CLASSIFICATION NUMBER | |
| Classification number | 658.4 |
| Item number | AGU |
| 100 1# - MAIN ENTRY--PERSONAL NAME | |
| Personal name | Aguilar, Francis Joseph |
| 245 10 - TITLE STATEMENT | |
| Title | General managers in action / |
| Statement of responsibility, etc. | by Francis Joseph Aguilar. |
| 260 ## - PUBLICATION, DISTRIBUTION, ETC. | |
| Place of publication, distribution, etc. | New york: |
| Name of publisher, distributor, etc. | Oxford University, |
| Date of publication, distribution, etc. | 1988. |
| 300 ## - PHYSICAL DESCRIPTION | |
| Extent | 498p. |
| 650 #4 - SUBJECT ADDED ENTRY--TOPICAL TERM | |
| Topical term or geographic name entry element | Chief executive officers, case studies |
| 650 #4 - SUBJECT ADDED ENTRY--TOPICAL TERM | |
| Topical term or geographic name entry element | Management, Case studies |
| 949 ## - LOCAL PROCESSING INFORMATION (OCLC) | |
| -- | VIRTUAITEM |
| -- | 10000 |
| -- | 10000 |
| -- | 1000 |
| 6 | 45638 |
| 949 ## - LOCAL PROCESSING INFORMATION (OCLC) | |
| -- | VIRTUAITEM |
| -- | 10000 |
| -- | 10000 |
| -- | 1000 |
| 6 | 45639 |
| 949 ## - LOCAL PROCESSING INFORMATION (OCLC) | |
| -- | VIRTUAITEM |
| -- | 10000 |
| -- | 10000 |
| -- | 1000 |
| 6 | 45640 |
| 949 ## - LOCAL PROCESSING INFORMATION (OCLC) | |
| -- | VIRTUAITEM |
| -- | 10000 |
| -- | 10000 |
| -- | 1000 |
| 6 | 45641 |
| 949 ## - LOCAL PROCESSING INFORMATION (OCLC) | |
| -- | VIRTUAITEM |
| -- | 10000 |
| -- | 10000 |
| -- | 1000 |
| 6 | 45642 |
| 949 ## - LOCAL PROCESSING INFORMATION (OCLC) | |
| -- | VIRTUAITEM |
| -- | 30000 |
| -- | 30000 |
| -- | 1000 |
| 6 | 45643 |
| 949 ## - LOCAL PROCESSING INFORMATION (OCLC) | |
| -- | VIRTUAITEM |
| -- | 10000 |
| -- | 10000 |
| -- | 1000 |
| 6 | 45644 |
| 949 ## - LOCAL PROCESSING INFORMATION (OCLC) | |
| -- | VIRTUAITEM |
| -- | 10000 |
| -- | 10000 |
| -- | 1000 |
| 6 | 45645 |
| 949 ## - LOCAL PROCESSING INFORMATION (OCLC) | |
| -- | VIRTUAITEM |
| -- | 10000 |
| -- | 10000 |
| -- | 1000 |
| 6 | 45646 |
| 949 ## - LOCAL PROCESSING INFORMATION (OCLC) | |
| -- | VIRTUAITEM |
| -- | 10000 |
| -- | 10000 |
| -- | 1000 |
| 6 | 45647 |
| 949 ## - LOCAL PROCESSING INFORMATION (OCLC) | |
| -- | VIRTUAITEM |
| -- | 10000 |
| -- | 10000 |
| -- | 1000 |
| 6 | 45648 |
| 949 ## - LOCAL PROCESSING INFORMATION (OCLC) | |
| -- | VIRTUAITEM |
| -- | 10000 |
| -- | 10000 |
| -- | 1000 |
| 6 | 42643 |
| 949 ## - LOCAL PROCESSING INFORMATION (OCLC) | |
| -- | VIRTUAITEM |
| -- | 10000 |
| -- | 10000 |
| -- | 1000 |
| 6 | 43946 |
| 949 ## - LOCAL PROCESSING INFORMATION (OCLC) | |
| -- | VIRTUAITEM |
| -- | 10000 |
| -- | 10000 |
| -- | 1000 |
| 6 | 45649 |
| 949 ## - LOCAL PROCESSING INFORMATION (OCLC) | |
| -- | VIRTUAITEM |
| -- | 10000 |
| -- | 10000 |
| -- | 1000 |
| 6 | 45650 |
| 949 ## - LOCAL PROCESSING INFORMATION (OCLC) | |
| -- | VIRTUAITEM |
| -- | 10000 |
| -- | 10000 |
| -- | 1000 |
| 6 | 45651 |
| 949 ## - LOCAL PROCESSING INFORMATION (OCLC) | |
| -- | VIRTUAITEM |
| -- | 10000 |
| -- | 10000 |
| -- | 1000 |
| 6 | 45652 |
| 949 ## - LOCAL PROCESSING INFORMATION (OCLC) | |
| -- | VIRTUAITEM |
| -- | 10000 |
| -- | 10000 |
| -- | 1000 |
| 6 | 45653 |
| 949 ## - LOCAL PROCESSING INFORMATION (OCLC) | |
| -- | VIRTUAITEM |
| -- | 10000 |
| -- | 10000 |
| -- | 1000 |
| 6 | 45654 |
| 949 ## - LOCAL PROCESSING INFORMATION (OCLC) | |
| -- | VIRTUAITEM |
| -- | 10000 |
| -- | 10000 |
| -- | 1000 |
| 6 | 45655 |
| s | 3800:20130809 |
| 949 ## - LOCAL PROCESSING INFORMATION (OCLC) | |
| -- | VIRTUAITEM |
| -- | 10000 |
| -- | 10000 |
| -- | 1000 |
| 6 | 45656 |
| 949 ## - LOCAL PROCESSING INFORMATION (OCLC) | |
| -- | VIRTUAITEM |
| -- | 10000 |
| -- | 10000 |
| -- | 1000 |
| 6 | 45657 |
| 949 ## - LOCAL PROCESSING INFORMATION (OCLC) | |
| -- | VIRTUAITEM |
| -- | 10000 |
| -- | 10000 |
| -- | 1000 |
| 6 | A22695 |
| Date last seen | Full call number | Barcode | Price effective from | Koha item type | Lost status | Source of classification or shelving scheme | Damaged status | Not for loan | Withdrawn status | Home library | Current library | Date acquired |
|---|---|---|---|---|---|---|---|---|---|---|---|---|
| 08/22/2018 | 658 AGU | C00468 | 08/22/2018 | Reference | Dewey Decimal Classification | Indian Institute of Management Visakhapatnam | Indian Institute of Management Visakhapatnam | 08/22/2018 |